<?xml version='1.0' encoding='UTF-8'?><?xml-stylesheet href='static/style.xsl' type='text/xsl'?><OAI-PMH xmlns="http://www.openarchives.org/OAI/2.0/" xmlns:xsi="http://www.w3.org/2001/XMLSchema-instance" xsi:schemaLocation="http://www.openarchives.org/OAI/2.0/ http://www.openarchives.org/OAI/2.0/OAI-PMH.xsd"><responseDate>2026-05-01T10:00:54Z</responseDate><request verb="GetRecord" identifier="oai:ebiltegia.mondragon.edu:20.500.11984/1923" metadataPrefix="marc">https://ebiltegia.mondragon.edu/oai/request</request><GetRecord><record><header><identifier>oai:ebiltegia.mondragon.edu:20.500.11984/1923</identifier><datestamp>2024-04-15T15:46:51Z</datestamp><setSpec>com_20.500.11984_460</setSpec><setSpec>col_20.500.11984_469</setSpec></header><metadata><record xmlns="http://www.loc.gov/MARC21/slim" xmlns:dcterms="http://purl.org/dc/terms/" xmlns:xsi="http://www.w3.org/2001/XMLSchema-instance" xmlns:doc="http://www.lyncode.com/xoai" xsi:schemaLocation="http://www.loc.gov/MARC21/slim http://www.loc.gov/standards/marcxml/schema/MARC21slim.xsd">
   <leader>00925njm 22002777a 4500</leader>
   <datafield ind2=" " ind1=" " tag="042">
      <subfield code="a">dc</subfield>
   </datafield>
   <datafield ind2=" " ind1=" " tag="720">
      <subfield code="a">GALDOS, Lander</subfield>
      <subfield code="e">author</subfield>
   </datafield>
   <datafield ind2=" " ind1=" " tag="260">
      <subfield code="c">2006</subfield>
   </datafield>
   <datafield ind2=" " ind1=" " tag="520">
      <subfield code="a">Los procesos de hidroconformado de tubo consisten en conformar un tubo de aleación metálica mediante la aplicación interna de un fluido (emulsiones de agua y aceite) a alta presión. El proceso se divide principalmente en cuatro etapas: (i) doblado de tubo, (ii) preconformado y cierre de molde, (iii) etapa de hidroconformado de tubo y (iv) operaciones de acabado.&#xd;
El trabajo realizado para la caracterización y optimización de este tipo de procesos ha permitido la consecución de una serie de objetivos, de los cuales destacan: a) diseño, fabricación y puesta a punto de una instalación sensorizada de carácter científico, b) desarrollo de una metodología para la caracterización de material tubo perfilado y soldado, c) desarrollo de una metodología para la caracterización tribológica de los procesos de hidroconformado de tubo, d) desarrollo de un modelo numérico robusto para su aplicación en los procesos de hidroconformado de tubo y e) hidroconformado de tres piezas de geometría simple y de un pedal de freno actualmente conformado por Batz S.Coop. por estampación más soldadura plasma.</subfield>
   </datafield>
   <datafield ind1="8" ind2=" " tag="024">
      <subfield code="a">https://katalogoa.mondragon.edu/janium-bin/janium_login_opac.pl?find&amp;ficha_no=57513</subfield>
   </datafield>
   <datafield ind1="8" ind2=" " tag="024">
      <subfield code="a">https://hdl.handle.net/20.500.11984/1923</subfield>
   </datafield>
   <datafield tag="653" ind2=" " ind1=" ">
      <subfield code="a">Procesos de hidroconformado</subfield>
   </datafield>
   <datafield tag="653" ind2=" " ind1=" ">
      <subfield code="a">Hidroconformado de tubo</subfield>
   </datafield>
   <datafield ind2="0" ind1="0" tag="245">
      <subfield code="a">Caracterización y optimización de los procesos de hidroconformado de tubo</subfield>
   </datafield>
</record></metadata></record></GetRecord></OAI-PMH>